[Event "XIX Najdorf Memorial 2019"]
[Site "Warsaw"]
[Date "2019.07.13"]
[Round "8.7"]
[White "Grib, Roman"]
[Black "Czopor, Maciej"]
[Result "1/2-1/2"]
[WhiteElo "2421"]
[BlackElo "2250"]
[Annotator "TA"]
[PlyCount "107"]
[EventDate "2019.07.06"]
[EventType "swiss"]
[EventCountry "POL"]
[SourceTitle "playchess.com"]
[Source "ChessBase"]
[SourceQuality "1"]

{[%evp 9,107,-2,6,-2,18,10,34,14,20,18,25,14,24,0,16,0,0,-33,-23,-22,13,0,-11,-55,-9,-10,-11,-18,-7,-8,-11,-13,-10,-20,0,0,0,-31,-23,-54,-36,-68,-43,-50,-53,-38,-37,-42,-45,-47,-22,-78,-45,-68,-50,-57,-59,-45,-52,-78,-79,-105,-88,-89,-80,-72,-72,-80,-58,-64,-75,-88,-73,-69,-68,-145,-139,-131,-135,-197,-195,-188,-142,-211,-82,-193,-214,-202,-13,-13,-13,-13,-13,-13,-13,-13,-14,-25,-5,-8]} 1. e4 c5 2. Nf3 e6 3. b3 b6 4. Bd3 Bb7 5. O-O d6 6. Bb2 {B40: Sicilian: 2...e6, Unusual lines} Nd7 7. Re1 $146 ({Predecessor:} 7. c3 Ngf6 {0-1 (30) Espinosa Aranda,A (2438)-Salgado Lopez,I (2662) Monzon 2016}) 7... Ngf6 8. c3 {White is slightly better.} Qc7 9. Bc2 Rc8 10. d3 Be7 11. Nbd2 O-O 12. c4 a6 13. d4 cxd4 14. Nxd4 Qb8 15. a4 Rfe8 16. f4 e5 17. Nf5 Bf8 18. Qf3 g6 19. Ne3 exf4 20. Qxf4 Bg7 21. Rf1 Ne5 22. Qh4 Nfd7 23. Ng4 h5 24. Nxe5 Nxe5 25. Bxe5 Bxe5 26. Rad1 Qc7 27. Nf3 Bg7 28. Ng5 Qc5+ 29. Kh1 Rc7 30. Qf4 (30. Qg3 $11) 30... Be5 31. Qd2 b5 32. axb5 axb5 33. Bd3 b4 34. Nf3 Bc3 35. Qf4 Ra8 36. Bb1 Rd7 37. Qh6 {aiming for Ng5.} Bg7 38. Qd2 Ra3 39. e5 $1 {[%cal Re5e6]} Rxb3 {[#]} 40. e6 $1 {[%mdl 512]} fxe6 41. Bxg6 Bxf3 42. Rxf3 ({Better is} 42. gxf3 $15 Ra3 43. Rb1) 42... Rxf3 $17 ({Don't play} 42... Qxc4 $6 43. Rxb3 Qxb3 44. Qe2 $11) 43. gxf3 b3 {[%cal Bb4b3,Bb3b2][%mdl 32]} 44. Rg1 (44. Qd3 $17) 44... b2 $19 45. Bb1 Rf7 46. Qg2 (46. Qe2 $17 {was necessary.}) 46... Qe3 (46... Kf8 $19 {and Black stays clearly on top.} 47. f4 Qa7) 47. Bg6 (47. f4 $17) 47... Ra7 48. Bxh5 Qxg1+ $2 ({Black should play} 48... Kf8 $19 49. Qg6 Re7) 49. Qxg1 $11 {Threatens to win with Bg6.} Ra1 50. Bg6 {And now Bb1 would win.} Bd4 {[%csl Gd4][%cal Ra1g1][%mdl 64] [#] Pin} 51. Qb1 $1 Kg7 52. Kg2 Rxb1 53. Bxb1 Kf6 54. f4 {Accuracy: White = 43%, Black = 51%.} 1/2-1/2

[Event "XIX Najdorf Memorial 2019"]
[Site "Warsaw"]
[Date "2019.07.13"]
[Round "8.7"]
[White "Budrewicz, Krzysztof"]
[Black "Ali Marandi, Cemil Can"]
[Result "0-1"]
[WhiteElo "2188"]
[BlackElo "2527"]
[Annotator "ChessBase"]
[PlyCount "50"]
[EventDate "2019.07.06"]
[EventType "swiss"]
[EventCountry "POL"]
[SourceTitle "playchess.com"]
[Source "ChessBase"]
[SourceQuality "1"]
[TimeControl "40/5400+30:1800+30"]

1. d4 {[%emt 0:00:00]} d5 {[%emt 0:06:51]} 2. c4 {[%emt 0:00:00]} c6 {[%emt 0:00:03]} 3. cxd5 {[%emt 0:00:26]} cxd5 {[%emt 0:00:28]} 4. Nc3 {[%emt 0:00:22]} Nc6 {[%emt 0:00:06]} 5. Bf4 {[%emt 0:00:22]} e5 {[%emt 0:00:16]} 6. dxe5 {[%emt 0:00:42]} d4 {[%emt 0:00:26]} 7. Ne4 {[%emt 0:00:07]} Qa5+ {[%emt 0:00:05]} 8. Nd2 {[%emt 0:00:09]} Nge7 {[%emt 0:00:07]} 9. Ngf3 {[%emt 0:00:28]} Nd5 {[%emt 0:00:09]} 10. g3 {[%emt 0:00:24]} h6 {[%emt 0:00:07]} 11. h4 {[%emt 0:00:32]} Be7 {[%emt 0:04:50]} 12. Bg2 {[%emt 0:00:36]} Nxf4 {[%emt 0:02:21]} 13. gxf4 {[%emt 0:00:05]} Be6 {[%emt 0:03:42]} 14. Kf1 {[%emt 0:10:32]} Rd8 {[%emt 0:03:46]} 15. Bh3 {[%emt 0:07:16]} Bd5 {[%emt 0:07:08]} 16. Bf5 {[%emt 0:01:05]} O-O {[%emt 0:03:34]} 17. Be4 {[%emt 0:13:56]} f6 {[%emt 0:02:12]} 18. Bxd5+ {[%emt 0:03:24]} Qxd5 {[%emt 0:00:28]} 19. Qb3 {[%emt 0:01:24]} fxe5 {[%emt 0:00:14]} 20. fxe5 {[%emt 0:02:48]} d3 {[%emt 0:09:07]} 21. Rd1 {[%emt 0:28:52]} Bb4 {[%emt 0:07:34]} 22. Ne4 {[%emt 0:09:40]} Qxb3 {[%emt 0:01:03]} 23. axb3 {[%emt 0:00:05]} Rf4 {[%emt 0:00:06]} 24. Nc3 {[%emt 0:01:35]} Bxc3 {[%emt 0:00:34]} 25. bxc3 {[%emt 0:00:05]} dxe2+ {[%emt 0:00:05] Ra1} 0-1

[Event "XIX Najdorf Memorial 2019"]
[Site "Warsaw"]
[Date "2019.07.13"]
[Round "8.8"]
[White "Mosesov, Danylo"]
[Black "Gukesh D"]
[Result "0-1"]
[WhiteElo "2353"]
[BlackElo "2520"]
[Annotator "ChessBase"]
[PlyCount "80"]
[EventDate "2019.07.06"]
[EventType "swiss"]
[EventCountry "POL"]
[SourceTitle "playchess.com"]
[Source "ChessBase"]
[SourceQuality "1"]
[TimeControl "40/5400+30:1800+30"]

1. e4 {[%emt 0:00:00]} g6 {[%emt 0:00:00]} 2. d4 {[%emt 0:00:00]} Bg7 {[%emt 0:00:00]} 3. Nc3 {[%emt 0:00:45]} d6 {[%emt 0:00:00]} 4. Nf3 {[%emt 0:00:13]} a6 {[%emt 0:00:54]} 5. a4 {[%emt 0:01:03]} Nf6 {[%emt 0:01:43]} 6. Be2 {[%emt 0:01:23]} O-O {[%emt 0:00:38]} 7. O-O {[%emt 0:00:03]} Nc6 {[%emt 0:02:56]} 8. d5 {[%emt 0:02:10]} Nb8 {[%emt 0:00:21]} 9. Be3 {[%emt 0:01:49]} Bg4 {[%emt 0:09:58]} 10. Nd4 {[%emt 0:10:46]} Bxe2 {[%emt 0:01:44]} 11. Qxe2 {[%emt 0:00:04]} c6 {[%emt 0:04:43]} 12. Rad1 {[%emt 0:04:40]} cxd5 {[%emt 0:07:02]} 13. exd5 {[%emt 0:00:07]} Nbd7 {[%emt 0:00:27]} 14. Nb3 {[%emt 0:01:30]} Rc8 {[%emt 0:02:39]} 15. Bd4 {[%emt 0:02:13]} Nb6 {[%emt 0:03:18]} 16. Rfe1 {[%emt 0:13:11]} Re8 {[%emt 0:00:30]} 17. Qf3 {[%emt 0:17:14]} Nc4 {[%emt 0:05:17]} 18. Rb1 {[%emt 0:05:20]} Qc7 {[%emt 0:12:01]} 19. Re2 {[%emt 0:04:14]} Nd7 {[%emt 0:04:09]} 20. Bxg7 {[%emt 0:00:46]} Kxg7 {[%emt 0:00:02]} 21. Ne4 {[%emt 0:00:50]} Nce5 {[%emt 0:08:18]} 22. Qg3 {[%emt 0:02:31]} Qc4 {[%emt 0:10:05]} 23. Nc3 {[%emt 0:00:12]} Nf6 {[%emt 0:02:09]} 24. Rd1 {[%emt 0:05:12]} Qb4 {[%emt 0:02:47]} 25. Rd4 {[%emt 0:07:12]} Rc4 {[%emt 0:00:20]} 26. Red2 {[%emt 0:00:53]} Rxd4 27. Rxd4 {[%emt 0:00:05]} Qb6 {[%emt 0:06:38]} 28. Qe3 {[%emt 0:06:03]} Rc8 {[%emt 0:01:10]} 29. a5 {[%emt 0:00:02]} Qc7 {[%emt 0:00:31]} 30. Rh4 {[%emt 0:01:56]} h5 {[%emt 0:01:29]} 31. Qg5 {[%emt 0:03:04]} Nc4 {[%emt 0:02:19]} 32. Nd4 {[%emt 0:01:29]} Qxa5 {[%emt 0:02:57]} 33. h3 {[%emt 0:00:49]} Kf8 {[%emt 0:04:37]} 34. Rf4 {[%emt 0:03:08]} Nxb2 {[%emt 0:01:43]} 35. Ne6+ {[%emt 0:05:34]} Ke8 {[%emt 0:00:40]} 36. Qh6 {[%emt 0:00:40]} Qxc3 {[%emt 0:01:09]} 37. Qf8+ {[%emt 0:00:08]} Kd7 {[%emt 0:00:04]} 38. Qxf7 {[%emt 0:00:05]} Qe1+ {[%emt 0:00:46]} 39. Kh2 {[%emt 0:00:01]} Nxd5 {[%emt 0:00:10]} 40. Nf8+ {[%emt 0:00:00]} Rxf8 {[%emt 0:00:00]} 0-1

[Event "XIX Najdorf Memorial 2019"]
[Site "Warsaw"]
[Date "2019.07.13"]
[Round "8.8"]
[White "Piotrowski, Przemyslaw"]
[Black "Nguyen, Piotr"]
[Result "1/2-1/2"]
[WhiteElo "2273"]
[BlackElo "2420"]
[Annotator "TA"]
[PlyCount "147"]
[EventDate "2019.07.06"]
[EventType "swiss"]
[EventCountry "POL"]
[SourceTitle "playchess.com"]
[Source "ChessBase"]
[SourceQuality "1"]

{[%evp 20,147,43,8,79,85,83,0,-3,-116,-101,-104,-112,-120,-107,-113,-106,-154,-90,-124,-128,-118,-110,-146,-143,-144,-138,-122,-120,-142,-122,-153,-141,-135,-116,-123,-121,-130,-68,-165,-124,-145,-133,-132,-95,-96,-77,-131,-118,-117,-120,-118,-113,-160,-149,-136,-96,-98,-46,-123,-24,-27,-11,-29,-6,-11,287,261,52,61,74,54,29991,0,29993,735,712,694,640,640,593,606,583,212,357,335,317,180,168,109,81,34,34,8,25,0,8,8,8,8,8,8,8,0,0,0,0,0,0,0,0,0,0,-8,0,0,0,0,0,0,0,0,0,0,0,0,0,0,0,-29999]} 1. d4 Nf6 2. Nf3 g6 3. c4 Bg7 4. g3 O-O 5. Bg2 d6 6. O-O c6 7. Nc3 Qa5 8. h3 e5 9. e4 Nbd7 {[%cal Bb8d7,Bd7b6,Bb6c4,Bc4e3][%mdl 32]} 10. Be3 exd4 11. Nxd4 ({Not} 11. Qxd4 Nd5 $17) 11... Re8 {E69: King's Indian: Fianchetto: 6...Nbd7 7 0-0 e5 8 e4 c6 9 h3} (11... Nb6 $1 $11) (11... Nb6 12. Nb3 Qa6 13. c5 Nc4 14. Bd4 dxc5 15. Nxc5 Qa5 16. Qe2 Nb6 17. a3 Nbd7 18. b4 Qc7 19. Rfd1 Re8 {1-0 (51) Cheparinov,I (2710)-Mchedlishvili,M (2603) Riadh 2017}) 12. Qc2 $16 Nb6 {[#]} 13. c5 $146 (13. b3 $1 $16) ({Predecessor:} 13. b3 Qh5 14. Nde2 g5 15. f3 Bxh3 16. Bxh3 Qxh3 17. Bxg5 Nh5 18. Bh4 d5 19. c5 {1-0 (89) Richter,C (2352)-Moritz,A (2203) Germany 2017}) 13... Nc4 $1 $11 {[%cal Rc4e3]} 14. Nb3 (14. Bf4 $1 $11 {keeps the balance.}) 14... Nxe3 $17 15. Qe2 Qd8 16. Qxe3 d5 17. Rad1 Qc7 18. Nd2 {[#]} Bf5 $1 {[%mdl 512]} 19. g4 {[#]} (19. exf5 Rxe3) 19... d4 $1 {[%mdl 512]} 20. Qxd4 Nxe4 $1 {[%mdl 64] Pin} 21. Qb4 {[%cal Rd2e4]} Nxc3 22. bxc3 Bd3 23. Rfe1 a5 24. Qb3 Be2 25. Rc1 Qf4 26. Ne4 Be5 {[%csl Ge5][%cal Rf4h2]} 27. Ng3 Ba6 28. Rcd1 Bc7 (28... Rad8 $17 29. Bf1 Rxd1 30. Qxd1 Bxf1 31. Nxf1 Qc4) 29. Qc2 (29. Bf1 $15) 29... Qg5 30. Ne4 {[#]} Qe5 $1 {[%csl Gc7][%cal Re5h2][%mdl 512]} 31. c4 h6 32. Re3 {Black should prevent Nd6.} Red8 33. Red3 (33. Rd6 $142 Qa1+ 34. Bf1) 33... Rxd3 34. Rxd3 Rd8 35. Rxd8+ Bxd8 36. Qd3 Bc7 37. a3 Qa1+ 38. Bf1 Be5 (38... a4 $17 39. Nd6 Qe5) 39. h4 ({White should play} 39. Kg2 $15) 39... Qd4 ({Black should try} 39... Qc1 $17 40. Nd2 Qd1) 40. a4 Qa1 41. g5 Kg7 42. Kg2 Qxa4 $2 {[%mdl 8192]} (42... hxg5 $11 43. hxg5 Qc1) 43. gxh6+ $18 Kxh6 44. Ng5 Kg7 {[#] White must now prevent ...Bf6.} 45. h5 $1 $36 {[%cal Rh5h6][%mdl 2560] Threatening mate with h6+! White fights for an advantage.} gxh5 $2 {[%mdl 8192]} (45... Bxc4 $14 46. Qxc4 Qxc4 47. Bxc4 gxh5 48. Nxf7 Kf6) 46. Qf5 $2 (46. Qh7+ {mates} Kf6 47. Qh8+ Kxg5 48. Qxe5+ Kg6 49. Bd3+ f5 50. Bxf5+ Kf7 51. Qe6+ Kf8 52. Qf6+ Kg8 53. Qg6+ {[%mdl 64] Double Attack} Kf8 54. Be6 Ke7 55. Qf7+ Kd8 56. Qd7#) 46... Qa1 $2 {[%mdl 8192]} (46... Bxc4 $11 47. Qxe5+ f6 48. Qe7+ {[%mdl 64] Double Attack} Kg6) 47. Bd3 (47. Qxf7+ $142 Kh6 48. Bd3 Kxg5 49. Qg6+ Kh4 50. Be2 Qg1+ {[%mdl 64] Decoy} 51. Kxg1 Bh2+ 52. Kxh2 b5 53. Qxh5#) 47... Bxc4 48. Bxc4 Qd4 49. Qh7+ Kf6 50. Ne4+ Ke7 51. Qxf7+ Kd8 52. Qf5 {Hoping for Ng5.} Kc7 53. Be2 (53. f4 $142 Qb2+ 54. Kh3) 53... Kb8 54. f4 (54. Qf8+ $18 Ka7 55. Nd6 Qd5+ 56. Bf3) 54... Bc7 $16 55. Bxh5 a4 $1 56. Bf7 (56. Nd6 $5 Bxd6 57. cxd6 Qxd6 58. Kg3 $11) 56... a3 57. Kf3 a2 {The position is equal.} 58. Bxa2 {Strongly threatening Be6.} Qd3+ 59. Kg4 {Threatens to win with Be6.} Qe2+ {[%mdl 64] Double Attack} 60. Kg5 {And now Be6 would win.} Qxa2 61. Nd6 {Intending Qc8+ and mate.} Qg8+ 62. Qg6 Qd5+ 63. f5 {With the idea Qe8+.} Qxc5 64. Qg8+ Ka7 {( -> ...Qg1+)} 65. Qa2+ Qa5 66. Qf2+ b6 67. Ne8 Bd8+ 68. Kg6 Qd5 69. f6 Qe4+ (69... Qe6 $5 70. Ng7 $8 Qg4+ 71. Kh6 Qh3+ 72. Kg6 Qg4+ 73. Kh7 Qh3+ 74. Kg8 Qc8 $11) 70. Kf7 Qc4+ 71. Kf8 Qb4+ 72. Kg8 Qg4+ 73. Ng7 Bxf6 {[%csl Gf6][%cal Rg4g7]} 74. Qf3 $2 {[%mdl 40960] Accuracy: White = 42%, Black = 44%. . An unexpected result.} (74. Qxf6 $11 c5 75. Kf7) 1/2-1/2

[Event "XIX Najdorf Memorial 2019"]
[Site "Warsaw"]
[Date "2019.07.13"]
[Round "8.9"]
[White "Harsha Bharathakoti"]
[Black "Fus, Jakub"]
[Result "1/2-1/2"]
[WhiteElo "2486"]
[BlackElo "2341"]
[Annotator "ChessBase"]
[PlyCount "81"]
[EventDate "2019.07.06"]
[EventType "swiss"]
[EventCountry "POL"]
[SourceTitle "playchess.com"]
[Source "ChessBase"]
[SourceQuality "1"]
[TimeControl "40/5400+30:1800+30"]

1. e4 {[%emt 0:00:47]} e5 {[%emt 0:00:00]} 2. Nf3 {[%emt 0:00:25]} Nc6 {[%emt 0:00:19]} 3. d4 {[%emt 0:00:23]} exd4 {[%emt 0:00:25]} 4. Nxd4 {[%emt 0:00:05]} Nf6 {[%emt 0:00:35]} 5. Nxc6 {[%emt 0:00:34]} bxc6 {[%emt 0:00:19]} 6. e5 {[%emt 0:00:11]} Qe7 {[%emt 0:00:30]} 7. Qe2 {[%emt 0:00:23]} Nd5 {[%emt 0:00:23]} 8. h4 {[%emt 0:00:05]} a5 {[%emt 0:00:30]} 9. c4 {[%emt 0:02:33]} Nb6 {[%emt 0:02:31]} 10. Nd2 {[%emt 0:07:23]} Qe6 {[%emt 0:16:36]} 11. h5 {[%emt 0:26:09]} h6 {[%emt 0:03:28]} 12. g3 {[%emt 0:04:49]} Bb4 {[%emt 0:01:09]} 13. Rh4 {[%emt 0:00:22]} Ba6 {[%emt 0:03:08]} 14. a3 {[%emt 0:28:51]} Bxd2+ {[%emt 0:34:40]} 15. Bxd2 {[%emt 0:00:14]} O-O {[%emt 0:00:37]} 16. O-O-O {[%emt 0:04:56]} Rfe8 {[%emt 0:00:50]} 17. Qg4 {[%emt 0:02:40]} a4 {[%emt 0:11:11]} 18. Bc3 {[%emt 0:01:36]} c5 {[%emt 0:02:01]} 19. Bd3 {[%emt 0:02:33]} Qxg4 20. Rxg4 {[%emt 0:00:05]} Kf8 {[%emt 0:05:11]} 21. Kc2 {[%emt 0:05:51]} Rad8 {[%emt 0:00:51]} 22. Rd2 {[%emt 0:03:03]} Bb7 {[%emt 0:01:35]} 23. Rf4 {[%emt 0:00:27]} Bc6 {[%emt 0:03:56]} 24. g4 {[%emt 0:05:01]} Re7 {[%emt 0:01:47]} 25. g5 {[%emt 0:00:55]} hxg5 {[%emt 0:00:23]} 26. Rg4 {[%emt 0:00:04]} d5 {[%emt 0:01:38]} 27. exd6 {[%emt 0:00:06]} cxd6 {[%emt 0:02:10]} 28. Rxg5 {[%emt 0:00:35]} f6 {[%emt 0:00:05]} 29. Rg1 {[%emt 0:02:20]} Re6 {[%emt 0:02:41]} 30. h6 {[%emt 0:01:02]} gxh6 {[%emt 0:00:43]} 31. Rg6 {[%emt 0:00:03]} Be4 {[%emt 0:02:56]} 32. Rxf6+ {[%emt 0:00:56]} Rxf6 {[%emt 0:00:04]} 33. Bxf6 {[%emt 0:00:03]} Bxd3+ {[%emt 0:00:17]} 34. Kxd3 {[%emt 0:00:59]} Rd7 {[%emt 0:00:15]} 35. Bc3 {[%emt 0:00:28]} Rf7 {[%emt 0:01:31]} 36. Ba5 {[%emt 0:00:13]} Nd7 {[%emt 0:00:18]} 37. Ke2 {[%emt 0:00:35]} Ke7 {[%emt 0:00:30]} 38. Bc3 {[%emt 0:00:44]} Nb6 {[%emt 0:00:45]} 39. Rd3 {[%emt 0:00:15]} Rf5 {[%emt 0:00:59]} 40. Rh3 {[%emt 0:00:00]} h5 {[%emt 0:00:00]} 41. Rh4 {[%emt 0:00:26]} 1/2-1/2

[Event "XIX Najdorf Memorial 2019"]
[Site "Warsaw"]
[Date "2019.07.13"]
[Round "8.9"]
[White "Bus, Konrad"]
[Black "Sieciechowicz, Marcin"]
[Result "1/2-1/2"]
[WhiteElo "2264"]
[BlackElo "2399"]
[Annotator "TA"]
[PlyCount "153"]
[EventDate "2019.07.06"]
[EventType "swiss"]
[EventCountry "POL"]
[SourceTitle "playchess.com"]
[Source "ChessBase"]
[SourceQuality "1"]

{[%evp 10,153,68,61,100,114,108,106,100,100,108,95,131,93,106,118,106,127,113,68,68,68,61,67,72,66,68,69,76,72,132,61,69,0,174,170,182,18,16,16,18,20,27,31,28,18,15,15,23,4,4,4,33,-8,-8,-41,-35,-35,-32,-42,-41,-37,-19,-22,-20,-29,-16,-55,-55,-82,-82,-85,-85,-174,-35,-31,-54,-60,-8,-122,-93,-143,-93,-102,-93,-170,-8,-29,-29,-59,-39,-65,-70,-159,-171,-410,-406,-285,-200,-222,-283,-275,-175,-231,-196,-1713,-1518,-1485,-1541,-1431,-1282,-689,-104,-121,-101,-108,0,-87,-39,-40,-53,-59,-53,-94,-95,-29952,-29938,-5081,-464,-372,-8,-8,-8,-8,-8,-8,-8,-8,-8,-8,-8,-8,-8,-10,0,0]} 1. c4 c6 2. e4 g6 3. d4 Bg7 4. Nc3 d6 5. Be2 Nf6 6. f4 e5 {E73: King's Indian: Averbakh Variation without 6...c5} (6... O-O 7. Nf3 Na6 8. O-O Bg4 9. Be3 e6 10. e5 Ne8 11. h3 Bxf3 12. Bxf3 Qe7 13. Qb3 d5 14. cxd5 cxd5 15. a3 {1-0 (47) Caspi,I (2426)-Banikas,H (2617) Rijeka 2010}) 7. dxe5 dxe5 8. Qxd8+ (8. fxe5 $6 Qxd1+ 9. Bxd1 Ng4 $11) 8... Kxd8 {White is better.} 9. Nf3 Nfd7 $146 ({Predecessor:} 9... Nbd7 10. fxe5 Ng4 11. e6 Nde5 12. h3 Nxf3+ 13. gxf3 Nh6 14. exf7 Nxf7 {1-0 (67) Ksieski,Z-Maciejewski,A (2370) Bydgoszcz 1980}) 10. O-O Ke8 11. Be3 Na6 12. f5 Bf8 13. Rad1 f6 14. Rd2 Bb4 15. Rc2 Bc5 16. Kf2 Ke7 17. g4 Bxe3+ 18. Kxe3 Ndc5 19. Rd2 Bd7 20. Rfd1 (20. g5 $1 $16) 20... Rad8 $14 21. g5 (21. Rb1 $14) 21... gxf5 $2 (21... fxg5 $1 $11 22. fxg6 (22. Nxe5 gxf5 23. exf5 Bxf5 $11) 22... hxg6) 22. gxf6+ $18 Kxf6 23. Rd6+ $2 (23. exf5 $1 $18 Rhf8 24. Rd6+ Ke7 25. Nh4 (25. Nxe5 Bxf5 26. Rxd8 Rxd8 $11)) 23... Ke7 $11 24. Nxe5 Be6 25. Rxd8 Rxd8 26. Rxd8 Kxd8 27. exf5 Bxf5 28. Kf4 Bc2 29. Kg5 Ke7 30. Kh6 Nc7 31. Nf3 N7e6 32. Ng5 Nxg5 33. Kxg5 $15 {[%mdl 4096] Endgame KBN-KBN} Ne6+ 34. Kh6 Kf6 35. Bg4 Ng5 36. Kh5 Bg6+ 37. Kh4 Nf7 38. Bh5 Ke5 39. Bxg6 hxg6 {KN-KN} 40. Ne2 Ke4 41. Kg4 (41. c5 $17) 41... Ke3 (41... Kd3 $1 $19 {[%cal Rd3e2]} 42. Nf4+ {[%mdl 64] Double Attack} Kc2) 42. Nf4 Ne5+ 43. Kg3 Kd4 (43... Kd2 $15 44. Ne6 Kc2) 44. Kf2 (44. Ne6+ $11 Kxc4 45. Kf4 Nd3+ 46. Kg5) 44... a5 {[%cal Ba7a5,Ba5a4][%mdl 32]} 45. Ke2 a4 46. h4 b6 47. c5 (47. Ne6+ $17 Kxc4 48. Ke3) 47... bxc5 $2 ({But not} 47... Kxc5 48. Ke3 $17) (47... b5 $1 $19 48. Ne6+ Kd5 49. Nf4+ Ke4) 48. Kd1 Ke4 49. Ne6 Nd7 50. Nd8 Kd5 $1 51. Ke2 (51. Nf7 $1 $15) 51... Ne5 $17 52. b3 $2 (52. Nb7) 52... a3 $1 $19 53. Ke3 c4 54. bxc4+ Nxc4+ 55. Kd3 Nd6 56. Kc3 {[#]} Nf5 $1 57. Kb3 $2 (57. Nf7) 57... Nxh4 58. Nf7 Nf3 59. Kxa3 g5 60. Nh6 Kc4 $2 (60... Ne5 $19 {is more deadly.} 61. Nf5 Ke4 62. Ng3+ Kd3) 61. Kb2 $17 Ne5 62. Kc2 Nf3 (62... Nd7 $17 63. Nf5 c5) 63. Ng4 (63. Kb2 $1 $11 {remains equal.}) 63... c5 {Hoping for ...Kd4.} 64. Ne3+ Kd4 65. Nf5+ Ke5 66. Ne3 {[#]} Ke4 $1 {[%cal Re4e3]} 67. Ng4 $2 {[%mdl 8192]} (67. Nf1 $17) 67... Ne5 68. Nf6+ Kd4 (68... Kf3 $142 {Threatens to win with ...g4.} 69. Kc3 g4) 69. a4 $19 {White hopes to continue with a5.} g4 $2 ({Better is} 69... c4 $19 70. Nh5 Nd3) 70. a5 $1 $11 {The position is equal.} g3 {( -> ...g2)} 71. Nh5 $1 g2 72. Nf4 g1=N (72... g1=Q $5 73. Ne2+ $8 Ke3 74. Nxg1 Nc6 $11) 73. a6 $132 {[%mdl 2048] And now a7 would win. White is fighting back} Nc6 74. Ne6+ Kc4 {[#]} 75. a7 $1 {[%mdl 512]} Nxa7 {[#]} 76. Nxc5 $1 {[%mdl 512]} Kxc5 77. Kd3 {Accuracy: White = 38%, Black = 59%.} 1/2-1/2

[Event "XIX Najdorf Memorial 2019"]
[Site "Warsaw"]
[Date "2019.07.13"]
[Round "8.10"]
[White "Menezes, Christoph"]
[Black "Yuffa, Daniil"]
[Result "1/2-1/2"]
[WhiteElo "2413"]
[BlackElo "2582"]
[Annotator "ChessBase"]
[PlyCount "87"]
[EventDate "2019.07.06"]
[EventType "swiss"]
[EventCountry "POL"]
[SourceTitle "playchess.com"]
[Source "ChessBase"]
[SourceQuality "1"]
[TimeControl "40/5400+30:1800+30"]

1. Nf3 {[%emt 0:00:00]} d6 {[%emt 0:00:13]} 2. d4 {[%emt 0:00:02]} Nf6 {[%emt 0:00:06]} 3. c4 {[%emt 0:00:19]} g6 {[%emt 0:00:06]} 4. Nc3 {[%emt 0:00:13]} Bg7 {[%emt 0:00:04]} 5. e4 {[%emt 0:00:17]} O-O {[%emt 0:00:05]} 6. Be2 {[%emt 0:00:17]} e5 {[%emt 0:00:05]} 7. O-O {[%emt 0:00:15]} Na6 {[%emt 0:00:28]} 8. Be3 {[%emt 0:00:35]} c6 {[%emt 0:00:19]} 9. Qc2 {[%emt 0:00:49]} Ng4 {[%emt 0:05:05]} 10. Bg5 {[%emt 0:00:13]} Qe8 {[%emt 0:00:06]} 11. dxe5 {[%emt 0:03:53]} dxe5 {[%emt 0:01:59]} 12. h3 {[%emt 0:08:22]} f6 {[%emt 0:08:42]} 13. Bd2 {[%emt 0:08:35]} Nh6 {[%emt 0:00:08]} 14. a3 {[%emt 0:02:02]} Nc5 {[%emt 0:03:08]} 15. b4 {[%emt 0:04:11]} Ne6 {[%emt 0:00:33]} 16. c5 {[%emt 0:00:33]} Nf7 {[%emt 0:09:45]} 17. Be3 {[%emt 0:10:44]} Nf4 {[%emt 0:21:46]} 18. Bc4 {[%emt 0:04:16]} Be6 {[%emt 0:00:05]} 19. Ne2 {[%emt 0:05:55]} Bxc4 {[%emt 0:12:35]} 20. Qxc4 {[%emt 0:00:09]} Qe6 {[%emt 0:00:10]} 21. Qc2 {[%emt 0:04:26]} Nxe2+ {[%emt 0:02:55]} 22. Qxe2 {[%emt 0:00:04]} f5 {[%emt 0:00:04]} 23. Rfd1 {[%emt 0:05:04]} a5 {[%emt 0:02:45]} 24. b5 {[%emt 0:05:09]} Bf6 {[%emt 0:05:18]} 25. Rab1 {[%emt 0:06:01]} Rfd8 {[%emt 0:01:12]} 26. Rxd8+ {[%emt 0:03:08]} Rxd8 {[%emt 0:00:07]} 27. Qc2 {[%emt 0:00:20]} Be7 {[%emt 0:04:24]} 28. bxc6 bxc6 {[%emt 0:00:02]} 29. Bd2 {[%emt 0:08:05]} fxe4 {[%emt 0:03:36]} 30. Qxe4 {[%emt 0:00:28]} Qd5 {[%emt 0:00:30]} 31. Qxd5 Rxd5 {[%emt 0:00:04]} 32. Bxa5 {[%emt 0:05:39]} Bxc5 {[%emt 0:00:04]} 33. Bb4 {[%emt 0:01:49]} Ba7 {[%emt 0:02:15]} 34. Nd2 {[%emt 0:02:02]} Nd6 {[%emt 0:05:05]} 35. Bxd6 {[%emt 0:06:58]} Rxd2 {[%emt 0:01:27]} 36. Bxe5 {[%emt 0:00:11]} Rxf2 {[%emt 0:00:35]} 37. Kh1 {[%emt 0:00:24]} Re2 {[%emt 0:01:34]} 38. Bh2 {[%emt 0:02:27]} Ra2 {[%emt 0:06:15]} 39. Bd6 {[%emt 0:00:24]} h5 {[%emt 0:04:25]} 40. Rc1 {[%emt 0:00:00]} h4 {[%emt 0:00:00]} 41. Kh2 {[%emt 0:13:42]} c5 {[%emt 0:08:33]} 42. Bxc5 {[%emt 0:00:26]} Bxc5 {[%emt 0:00:05]} 43. Rxc5 {[%emt 0:00:03]} Rxa3 {[%emt 0:00:03]} 44. Rc4 {[%emt 0:00:19]} 1/2-1/2